| 000 | 00636nam a2200229Ia 4500 | ||
|---|---|---|---|
| 003 | BUBTL | ||
| 008 | 151213s9999 xx 000 0 und d | ||
| 020 | _a8175340452 | ||
| 082 | _a346.03/ H487l/ 1992 | ||
| 100 |
_aHeuston, R. F. V _94591 |
||
| 245 |
_aSalmond and Heuston on the Low of Torts/ _cR . F. U .Henston, R. A. Buckley |
||
| 250 | _a20th ed | ||
| 260 |
_aNewzealand _bUniversale Law _c1992 |
||
| 300 |
_a[c], 604p. : _b21cm |
||
| 500 | _aIncludes Index | ||
| 650 | _aLaw | ||
| 650 | _aLaw | ||
| 700 |
_aR . F. U .Henston _94592 |
||
| 856 |
_k0 _l0 _yDownload |
||
| 942 |
_2ddc _cBK |
||
| 999 |
_c1550 _d1550 |
||